| 000 | 00671nam a2200253 a 4500 | ||
|---|---|---|---|
| 001 | 000108399 | ||
| 003 | CHAP | ||
| 005 | 20240508085405.0 | ||
| 008 | 140206s2012 flua |r| |||1|||eng d | ||
| 010 | _a104861 | ||
| 011 | _a105833 | ||
| 020 | _a9781439840979 | ||
| 040 | _cCHAP | ||
| 082 | 0 | 4 |
_a541 _bS55 |
| 100 | 1 |
_aShillady, Don _9125368 |
|
| 245 | 1 | 0 |
_aEssentials of physical chemistry / _cpor Don Shillady. |
| 260 |
_aBoca Raton, FL. : _bCRC Press, _c2012. |
||
| 300 |
_axxxvi, 476 p. : _bil. _e+ 1 CD ROM, (4 3/4 plg.) |
||
| 590 |
_aE5652GLJ _b05 _c20140206 |
||
| 650 | 1 | 4 |
_aFisicoquĂmica. _941125 |
| 901 | _aBK | ||
| 942 |
_cLIBRO _2ddc |
||
| 942 |
_n0 _2ddc |
||
| 999 |
_c104861 _d104861 |
||